|
|
|
|
| LEADER |
00000nam a2200000Ii 4500 |
| 001 |
DIGUPERCA0106 |
| 003 |
NyNyDIG |
| 006 |
m o d |
| 007 |
cr ||||||||||| |
| 008 |
220502s2021 pe ob 000 0 spa d |
| 035 |
|
|
|a (OCoLC)1249693301
|
| 040 |
|
|
|a DGITA
|b eng
|e rda
|e pn
|c DGITA
|
| 020 |
|
|
|a 9786123183110
|q eBook
|q pdf
|
| 020 |
|
|
|a 9786123183103
|q eBook
|q ePub
|
| 020 |
|
|
|z 9786123183066
|
| 050 |
1 |
4 |
|a HD69.P75 ebook
|
| 082 |
0 |
4 |
|a 658.404
|
| 100 |
1 |
|
|a Lira Briceño, Paúl,
|e author.
|
| 245 |
1 |
0 |
|a Evaluación de proyectos de inversión :
|b guía teórica y práctica /
|c Paúl Lira Briceño.
|
| 250 |
|
|
|a Primera edición.
|
| 264 |
|
1 |
|a Lima, Perú :
|b Editorial UPC, Universidad Peruana de Ciencias Aplicadas,
|c [2021]
|
| 300 |
|
|
|a 1 online resource.
|
| 336 |
|
|
|a text
|b txt
|2 rdacontent
|
| 337 |
|
|
|a computer
|b c
|2 rdamedia
|
| 338 |
|
|
|a online resource
|b cr
|2 rdacarrier
|
| 347 |
|
|
|a text file
|2 rdaft
|
| 347 |
|
|
|b PDF
|
| 347 |
|
|
|b EPUB
|
| 504 |
|
|
|a Includes bibliographical references.
|
| 588 |
0 |
|
|a Online resource; title from PDF title page (Digitalia, viewed May 2, 2022)
|
| 650 |
|
0 |
|a Project management.
|
| 650 |
|
0 |
|a Cash flow.
|
| 650 |
|
0 |
|a Investments.
|
| 655 |
|
0 |
|a Electronic books.
|
| 791 |
2 |
|
|a Digitalia (Firm),
|e distributor.
|
| 793 |
0 |
|
|g Digitalia eBook Collection:
|a Universidad Peruana de Ciencias Aplicadas
|
| 776 |
0 |
8 |
|i Print version:
|a Lira Briceño, Paúl.
|t Evaluación de proyectos de inversión.
|b Primera edición.
|d Lima, Perú : Editorial UPC, Universidad Peruana de Ciencias Aplicadas, [2021]
|z 9786123183066
|
| 856 |
4 |
0 |
|3 Digitalia Hispánica
|u https://www.digitaliapublishing.com/a/81547/
|
| 910 |
|
|
|a Premium collection: 2022
|